| 000 | 01178nam a2200349 i 4500 | ||
|---|---|---|---|
| 001 | bg | ||
| 100 | 1 |
_aVollmuth, Hilmar J. _d(1936- ). |
|
| 245 | 1 | 0 |
_aControlling - planowanie, kontrola, kierowanie / _cHilmar J. Vollmuth ; [tł. Piotr Kadysz, tł. rozsz. Bogusław Markowski, Ewa Schauz]. |
| 246 |
_iTyt. oryg.: _aFührungsinstrument Controlling |
||
| 246 | 0 | 8 | _aControlling |
| 250 | _aWyd. 3 rozsz. (o rozdz. 11 i 12). | ||
| 260 |
_aWarszawa : _b"Placet", _c2000. |
||
| 300 |
_a262 s. : _bil. ; _c24 cm. |
||
| 490 | 1 | _aBiblioteka Biznesmena | |
| 500 | _aTyt. oryg.: "Führungsinstrument Controlling" 1991. - Tyt. grzbiet.: Controlling. - Na okł. podtyt.: podstawy budowy systemu controllingu. | ||
| 504 | _aBibliogr. - Indeks. | ||
| 650 | 4 | _aControlling | |
| 700 | 1 |
_aKadysz, Piotr. _eTł. |
|
| 700 | 1 |
_aSchulz, Ewa. _eTł. |
|
| 700 | 1 |
_aMarkowski, Bogusław. _eTł. |
|
| 830 | _aBiblioteka Biznesmena | ||
| 830 | 0 | _aBiblioteka Biznesmena | |
| 020 | _a8385428496 | ||
| 040 | _cBPK | ||
| 041 | 1 |
_apol _hger |
|
| 044 | _apol | ||
| 080 | _a657 | ||
| 080 | _a005 | ||
| 920 | _a83-85428-49-6 | ||
| 942 | _cKS | ||
| 008 | s pl f |000 0 pol | ||
| 999 |
_c40762 _d40762 |
||
| 856 |
_uhttp://koha.tu.koszalin.pl/cgi-bin/koha/opac-detail.pl?biblionumber=40762 _yKatalog online BPK |
||